Top 30 : BLACKPINK - Statistiques

Statistiques générales
  • Ce quiz a été pris 122 fois
  • Le résultat moyen est 18 sur 30
Statistiques - réponses
Top Titres Featuring % Correct
10 Ice Cream Selena Gomez
98%
2 Kill This Love
88%
1 How You Like That
86%
9 BOOMBAYAH
81%
17 JUMP
80%
3 Pink Venom
80%
6 Kiss and Make Up Dua Lipa
79%
4 Shut Down
77%
5 DDU-DU DDU-DU
75%
16 Sour Candy Lady Gaga
71%
13 WHISTLE
71%
8 Lovesick Girls
68%
11 Pretty Savage
61%
12 PLAYING WITH FIRE
60%
21 STAY
60%
14 Typa Girl
56%
7 As If It's Your Last
55%
24 Bet You Wanna Cardi B
55%
22 Crazy Over You
52%
15 Forever Young
52%
27 Kick It
50%
26 Really
49%
20 Love To Hate Me
48%
19 Tally
46%
29 The Happiest Girl
46%
18 Don't Know What To Do
43%
23 Hard to Love
42%
30 THE GIRLS
40%
25 You Never Know
39%
28 See U Later
37%
Aucun quiz correspondant
Distribution des résultats
% des personnes avec chaque résultat
Percentile par nombre de réponses
Votre historique - résultats
Vous n’avez pas pris ce quiz